[Event "GER-chT U16"]
[Site "Magdeburg"]
[Date "2023.12.28"]
[Round "4.2"]
[White "Fuhrmann, Bahne"]
[Black "Herter, Arne"]
[Result "0-1"]
[WhiteElo "2032"]
[BlackElo "1992"]
[PlyCount "46"]
[EventDate "2023.12.26"]
[EventType "team-swiss"]
[EventRounds "7"]
[EventCountry "GER"]
[SourceTitle "CB03_2024"]
[SourceDate "2024.01.17"]
[SourceVersion "1"]
[SourceVersionDate "2024.01.17"]
[SourceQuality "1"]
[WhiteTeam "Hamburger SK"]
[BlackTeam "Magdeburg Schachzwerge"]
[WhiteTeamCountry "GER"]
[BlackTeamCountry "GER"]

1. d4 Nf6 2. c4 g6 3. Nc3 Bg7 4. Nf3 0-0 5. Bg5 c5 6. d5 d6 7. e3 e6 8. Bd3 exd5 9. cxd5 a6 10. a4 Nbd7 11. 0-0 Rb8 12. Nd2 Qc7 13. f4 Re8 14. e4 c4 15. Bxc4 b5 16. Bd3 b4 17. Ne2 Ng4 18. Nc4 Nb6 19. Qb3 Nxc4 20. Bxc4 Qc5+ 21. Kh1 Nf2+ 22. Rxf2 Qxf2 23. Nc3 Bh3 0-1

[Event "GER-chT Lands U20"]
[Site "Hannover"]
[Date "2023.10.04"]
[Round "6"]
[White "Grossmann, Piet"]
[Black "Herter, Arne"]
[Result "1-0"]
[WhiteElo "1904"]
[BlackElo "2049"]
[PlyCount "71"]
[EventDate "2023.10.01"]
[EventType "team-swiss"]
[EventRounds "7"]
[EventCountry "GER"]
[SourceTitle "EXT 2024"]
[Source "ChessBase"]
[SourceDate "2023.10.10"]
[SourceVersion "1"]
[SourceVersionDate "2023.10.10"]
[SourceQuality "1"]

1. e4 e5 2. Nf3 Nc6 3. d4 exd4 4. Bc4 Nf6 5. e5 d5 6. Bb5 Ne4 7. Nxd4 Bd7 8. Bxc6 bxc6 9. 0-0 Bc5 10. f3 Ng5 11. f4 Ne4 12. Be3 Bb6 13. Nd2 Nxd2 14. Qxd2 c5 15. Nf3 d4 16. Bf2 Bc6 17. Bh4 Qd7 18. c4 dxc3 19. Qxc3 0-0 20. Bf2 Qe7 21. Rac1 Bb5 22. Rfe1 c4 23. Nd4 Ba6 24. Qg3 Rfd8 25. Nc6 Qe6 26. Nxd8 Rxd8 27. Bxb6 axb6 28. Qf3 g6 29. Red1 Rd3 30. Qa8+ Bc8 31. Rxd3 cxd3 32. Rxc7 d2 33. Rxc8+ Kg7 34. Rg8+ Kh6 35. Qd8 f6 36. Rh8 1-0

[Event "GER-chT Lands U20"]
[Site "Hannover"]
[Date "2023.10.03"]
[Round "5"]
[White "Herter, Arne"]
[Black "Musiolik, David"]
[Result "0-1"]
[WhiteElo "2049"]
[BlackElo "2263"]
[PlyCount "52"]
[EventDate "2023.10.01"]
[EventType "team-swiss"]
[EventRounds "7"]
[EventCountry "GER"]
[SourceTitle "EXT 2024"]
[Source "ChessBase"]
[SourceDate "2023.10.10"]
[SourceVersion "1"]
[SourceVersionDate "2023.10.10"]
[SourceQuality "1"]

1. e4 e6 2. d4 d5 3. Nd2 Be7 4. Bd3 c5 5. c3 cxd4 6. cxd4 dxe4 7. Nxe4 Bd7 8. Nf3 Bc6 9. 0-0 Nf6 10. Nxf6+ Bxf6 11. Be3 Nd7 12. Rc1 0-0 13. Bb1 Rc8 14. Qd3 g6 15. Bh6 Re8 16. Rfe1 Qa5 17. a3 Qh5 18. Bd2 Bxf3 19. Rxc8 Rxc8 20. gxf3 Rd8 21. f4 Nc5 22. Qc2 Bxd4 23. Be3 Bxe3 24. fxe3 Ne4 25. Qxe4 Rd2 26. Qh1 Qh4 0-1

[Event "GER-chT Lands U20"]
[Site "Hannover"]
[Date "2023.10.02"]
[Round "3"]
[White "Guo, Philipp Ziming"]
[Black "Herter, Arne"]
[Result "1-0"]
[WhiteElo "1945"]
[BlackElo "2049"]
[PlyCount "159"]
[EventDate "2023.10.01"]
[EventType "team-swiss"]
[EventRounds "7"]
[EventCountry "GER"]
[SourceTitle "EXT 2024"]
[Source "ChessBase"]
[SourceDate "2023.10.10"]
[SourceVersion "1"]
[SourceVersionDate "2023.10.10"]
[SourceQuality "1"]

1. e4 e5 2. Nf3 Nc6 3. Bb5 a6 4. Bxc6 dxc6 5. 0-0 Qf6 6. d4 exd4 7. Bg5 Qd6 8. Nxd4 Be7 9. Be3 Nh6 10. Qd2 Ng4 11. Bf4 Ne5 12. Qc3 Bf6 13. Nd2 0-0 14. N2b3 Qe7 15. Bg3 Ng6 16. Qe3 Re8 17. Rfe1 Bd7 18. c3 b6 19. Nf3 Bg4 20. h3 Bxf3 21. Qxf3 Be5 22. Nd4 c5 23. Nf5 Qd7 24. Qg4 Qd2 25. Re2 Qd3 26. Bxe5 Rxe5 27. Rae1 Rae8 28. Re3 Qc2 29. R3e2 Qd3 30. Re3 Qc2 31. Qe2 Qxe2 32. R3xe2 Nf4 33. Re3 Rd8 34. Nh4 Rg5 35. Kf1 c4 36. g4 Rb5 37. b3 Rd2 38. Rf3 g5 39. Ng2 Nxg2 40. Kxg2 Rxa2 41. bxc4 Re5 42. Rd1 Re7 43. Rd5 h6 44. c5 bxc5 45. Rxc5 Rb2 46. Rf6 Rb6 47. Rxc7 Rxf6 48. Rxe7 Rc6 49. Ra7 Rxc3 50. Rxa6 Kg7 51. f3 Rb3 52. Kg3 Rc3 53. Ra5 Rb3 54. Rf5 Ra3 55. h4 Kg6 56. h5+ Kg7 57. Rd5 Rb3 58. Kf2 Rb2+ 59. Ke3 Rb3+ 60. Rd3 Rb1 61. Kd4 Rb5 62. f4 f6 63. fxg5 hxg5 64. Rc3 Ra5 65. Rc7+ Kg8 66. Rc6 Kf7 67. Rc3 Ra1 68. Rc7+ Kg8 69. e5 fxe5+ 70. Kxe5 Rf1 71. Rc6 Rf7 72. Rf6 Ra7 73. Kf5 Kg7 74. Kxg5 Ra5+ 75. Rf5 Ra7 76. Rb5 Rc7 77. h6+ Kh7 78. Kh5 Ra7 79. g5 Rc7 80. g6+ 1-0

[Event "GER-chT U16"]
[Site "Darmstadt"]
[Date "2022.12.30"]
[Round "7"]
[White "Mimkes, Antal"]
[Black "Herter, Arne"]
[Result "0-1"]
[WhiteElo "1778"]
[BlackElo "1973"]
[PlyCount "56"]
[EventDate "2022.12.26"]
[EventType "team-swiss"]
[EventRounds "7"]
[EventCountry "GER"]
[SourceTitle "CBM 212 Extra"]
[Source "ChessBase"]
[SourceDate "2023.03.31"]
[SourceVersion "1"]
[SourceVersionDate "2023.03.31"]
[SourceQuality "1"]
[WhiteTeam "Guettingen Rochade"]
[BlackTeam "Magdeburg Schachzwerge"]
[WhiteTeamCountry "GER"]
[BlackTeamCountry "GER"]

1. e4 e5 2. Nf3 Nc6 3. Bb5 a6 4. Ba4 Nf6 5. d4 exd4 6. 0-0 b5 7. Bb3 Bc5 8. e5 Ng4 9. Bxf7+ Kxf7 10. Ng5+ Kg8 11. Qxg4 h6 12. Qe4 hxg5 13. Qd5+ Kh7 14. Qxc5 Re8 15. f4 Qe7 16. Qd5 Rb8 17. a4 b4 18. Nd2 gxf4 19. Ne4 Nxe5 20. Bxf4 Bb7 21. Qxd4 Nc6 22. Qf2 Qxe4 23. Rae1 Qd4 24. Be3 Qg4 25. Qd2 Ne5 26. h3 Qg6 27. Qe2 Nc4 28. Rf4 Nxe3 0-1

[Event "GER-chT U16"]
[Site "Darmstadt"]
[Date "2022.12.29"]
[Round "5"]
[White "Herter, Arne"]
[Black "Yin, Haode"]
[Result "1-0"]
[WhiteElo "1973"]
[BlackElo "1931"]
[PlyCount "125"]
[EventDate "2022.12.26"]
[EventType "team-swiss"]
[EventRounds "7"]
[EventCountry "GER"]
[SourceTitle "CBM 212 Extra"]
[Source "ChessBase"]
[SourceDate "2023.03.31"]
[SourceVersion "1"]
[SourceVersionDate "2023.03.31"]
[SourceQuality "1"]
[WhiteTeam "Magdeburg Schachzwerge"]
[BlackTeam "Paderborn Akademie"]
[WhiteTeamCountry "GER"]
[BlackTeamCountry "GER"]

1. e4 e6 2. d4 d5 3. Nd2 c5 4. exd5 exd5 5. Ngf3 Nf6 6. Bb5+ Bd7 7. Bxd7+ Nbxd7 8. 0-0 Be7 9. dxc5 Nxc5 10. Re1 0-0 11. Nf1 Nce4 12. Be3 h6 13. c3 Re8 14. Bd4 Bd6 15. Ne3 Qd7 16. Qb3 Bf4 17. Rad1 Bxe3 18. Rxe3 Qc7 19. h3 b6 20. Rde1 Qc4 21. Bxf6 Qxb3 22. axb3 Nxf6 23. Nd4 a5 24. Nf5 Rxe3 25. Rxe3 Kf8 26. Rd3 Rd8 27. Nd4 Rd7 28. Kf1 g6 29. Nc2 Ke7 30. Ne3 Ke6 31. Ng4 h5 32. Nxf6 Kxf6 33. Ke2 Ke5 34. Re3+ Kd6 35. Kd3 Re7 36. Rxe7 Kxe7 37. Kd4 Kd6 38. f4 h4 39. Ke3 Ke6 40. Kd4 Kd6 41. Ke3 Kc5 42. Kd3 b5 43. Kc2 a4 44. bxa4 bxa4 45. Kb1 d4 46. cxd4+ Kxd4 47. Ka2 Kd3 48. Ka3 Kc2 49. Ka2 Kc1 50. Ka1 Kc2 51. Ka2 f6 52. Ka3 Kb1 53. Kxa4 Kxb2 54. Kb4 Kc2 55. Kc4 Kd2 56. Kd5 Ke3 57. Ke6 f5 58. Kf6 Kxf4 59. Kxg6 Kg3 60. Kxf5 Kxg2 61. Kg4 Kf2 62. Kxh4 Kf3 63. Kg5 1-0

[Event "GER-chT U16"]
[Site "Darmstadt"]
[Date "2022.12.28"]
[Round "3"]
[White "Herter, Arne"]
[Black "Meuer, David"]
[Result "1-0"]
[WhiteElo "1973"]
[BlackElo "1949"]
[PlyCount "109"]
[EventDate "2022.12.26"]
[EventType "team-swiss"]
[EventRounds "7"]
[EventCountry "GER"]
[SourceTitle "CBM 212 Extra"]
[Source "ChessBase"]
[SourceDate "2023.03.31"]
[SourceVersion "1"]
[SourceVersionDate "2023.03.31"]
[SourceQuality "1"]
[WhiteTeam "Magdeburg Schachzwerge"]
[BlackTeam "Lahnstein Turm"]
[WhiteTeamCountry "GER"]
[BlackTeamCountry "GER"]

1. e4 e6 2. d4 d5 3. Nd2 c5 4. exd5 Qxd5 5. Ngf3 cxd4 6. Bc4 Qd6 7. 0-0 Nf6 8. Nb3 Nc6 9. Nbxd4 Nxd4 10. Nxd4 a6 11. Re1 Qc7 12. Bf1 Bd6 13. Nf5 Bxh2+ 14. Kh1 0-0 15. Nxg7 Rd8 16. Bd3 Kxg7 17. Qd2 Bf4 18. Qxf4 Qxf4 19. Bxf4 Nd5 20. Bd2 f6 21. Rad1 e5 22. c4 Ne7 23. Ba5 Rd4 24. Bb6 Rh4+ 25. Kg1 Be6 26. b3 Kf7 27. f3 Rg8 28. Be4 f5 29. Bxb7 Ng6 30. Rd8 Rg7 31. Bd5 Bxd5 32. Rxd5 Ke6 33. Bd4 Rg8 34. Bxe5 Nxe5 35. Rexe5+ Kf6 36. Rxf5+ Ke7 37. Rfe5+ Kf6 38. Re4 Rxe4 39. fxe4 Rg4 40. Rd6+ Ke5 41. Rxa6 Kxe4 42. c5 Kd5 43. c6 Rg7 44. b4 Rf7 45. a4 Re7 46. Rb6 h5 47. a5 h4 48. a6 h3 49. gxh3 Kd6 50. b5 Rg7+ 51. Kh2 Rg8 52. a7 Ra8 53. Rb7 Kc5 54. c7 Kd6 55. Rb8 1-0

[Event "Sachsen-Anhalt-ch Masters"]
[Site "Magdeburg"]
[Date "2022.11.01"]
[Round "7"]
[White "Herter, Arne"]
[Black "Haubold, Christian Lucas"]
[Result "1-0"]
[WhiteElo "1922"]
[BlackElo "1880"]
[PlyCount "63"]
[EventDate "2022.10.29"]
[EventType "swiss"]
[EventRounds "7"]
[EventCountry "GER"]
[SourceTitle "CBM 211 Extra"]
[Source "ChessBase"]
[SourceDate "2023.01.31"]
[SourceVersion "1"]
[SourceVersionDate "2023.01.31"]
[SourceQuality "1"]

1. d4 Nf6 2. c4 g6 3. Nc3 Bg7 4. e4 d6 5. Be2 0-0 6. h4 c5 7. d5 b5 8. cxb5 a6 9. bxa6 Qa5 10. Bd2 Bxa6 11. f3 Bxe2 12. Ngxe2 Nbd7 13. 0-0 Ne5 14. b3 c4 15. Be3 Rfc8 16. Bd4 Nfd7 17. Kh1 Nc5 18. bxc4 Nxc4 19. Bxg7 Ne3 20. Qd4 Nxf1 21. Bh6 f6 22. Rxf1 Na4 23. Bd2 Qa6 24. Rb1 Kf7 25. Qe3 h5 26. Rb3 Nc5 27. Rb5 Na4 28. Rb4 Rc4 29. Rxa4 Rxa4 30. Nxa4 Qxa4 31. Nc3 Rg8 32. Nxa4 1-0

[Event "Sachsen-Anhalt-ch Masters"]
[Site "Magdeburg"]
[Date "2022.10.31"]
[Round "5"]
[White "Pikalow, Michael"]
[Black "Herter, Arne"]
[Result "1-0"]
[WhiteElo "1833"]
[BlackElo "1922"]
[PlyCount "57"]
[EventDate "2022.10.29"]
[EventType "swiss"]
[EventRounds "7"]
[EventCountry "GER"]
[SourceTitle "CBM 211 Extra"]
[Source "ChessBase"]
[SourceDate "2023.01.31"]
[SourceVersion "1"]
[SourceVersionDate "2023.01.31"]
[SourceQuality "1"]

1. e4 e5 2. Nf3 Nc6 3. d4 exd4 4. Nxd4 Bc5 5. Nb3 Bb6 6. Nc3 d6 7. Qe2 Nge7 8. Be3 0-0 9. 0-0-0 f5 10. f3 f4 11. Bxb6 axb6 12. Kb1 Ne5 13. Nd4 N7c6 14. Ndb5 Be6 15. Nd5 Bxd5 16. exd5 Ne7 17. Nd4 Qd7 18. Qe4 c6 19. Ne6 Rf7 20. Nxf4 Qf5 21. Nd3 Nxd5 22. Nxe5 Qxe5 23. Bc4 Ra5 24. Rhe1 Qg5 25. Qe6 Rc5 26. Bb3 Qxg2 27. Qc8+ Rf8 28. Re8 Qxf3 29. Rde1 1-0

[Event "Sachsen-Anhalt-ch Masters"]
[Site "Magdeburg"]
[Date "2022.10.29"]
[Round "1"]
[White "Herter, Arne"]
[Black "Groebel, Aaron"]
[Result "0-1"]
[WhiteElo "1922"]
[BlackElo "2085"]
[PlyCount "54"]
[EventDate "2022.10.29"]
[EventType "swiss"]
[EventRounds "7"]
[EventCountry "GER"]
[SourceTitle "CBM 211 Extra"]
[Source "ChessBase"]
[SourceDate "2023.01.31"]
[SourceVersion "1"]
[SourceVersionDate "2023.01.31"]
[SourceQuality "1"]

1. e4 g6 2. d4 Bg7 3. c4 d6 4. Nc3 Nf6 5. Be2 0-0 6. Be3 e5 7. d5 Ne8 8. g4 a5 9. g5 Na6 10. Qd2 Nc5 11. 0-0-0 f5 12. Bxc5 dxc5 13. f3 Nd6 14. h4 fxe4 15. fxe4 Rf4 16. Bd3 Qf8 17. Rh2 Bg4 18. Re1 Qf7 19. Qe3 b6 20. Nh3 Rf3 21. Qg1 Rxh3 22. Rf2 Rf3 23. Ref1 Rf8 24. Rxf3 Bxf3 25. Be2 Qf4+ 26. Kc2 Bxe4+ 27. Kd1 Qxh4 0-1

[Event "GER-chT U16"]
[Site "Kiel"]
[Date "2022.07.25"]
[Round "5.1"]
[White "Weidemann, Jakob"]
[Black "Herter, Arne"]
[Result "1-0"]
[WhiteElo "2092"]
[BlackElo "1951"]
[PlyCount "149"]
[EventDate "2022.07.22"]
[EventType "team-swiss"]
[EventRounds "7"]
[EventCountry "GER"]
[SourceTitle "CBM 209 Extra"]
[Source "ChessBase"]
[SourceDate "2022.09.30"]
[SourceVersion "1"]
[SourceVersionDate "2022.09.30"]
[SourceQuality "1"]
[WhiteTeam "Muenster"]
[BlackTeam "Magdeburg Schachzwerge"]
[WhiteTeamCountry "GER"]
[BlackTeamCountry "GER"]

1. e4 e5 2. Nf3 Nc6 3. Bc4 Bc5 4. 0-0 Nf6 5. d3 d6 6. c3 a6 7. Bb3 Ba7 8. Nbd2 0-0 9. h3 Nd7 10. Nc4 Nc5 11. Bc2 f5 12. exf5 Bxf5 13. Ne3 Bg6 14. b4 Nd7 15. Bb3+ Kh8 16. Ng4 h6 17. Be3 Nf6 18. Nh4 Bh7 19. g3 Nxg4 20. Bxa7 Rxa7 21. hxg4 Qf6 22. Qe2 g5 23. Ng2 Qf3 24. Qxf3 Rxf3 25. Ne1 Rf6 26. Rd1 Ra8 27. Bd5 Bg8 28. Bxg8 Kxg8 29. Nc2 d5 30. Rfe1 Re8 31. a3 Re7 32. Ne3 Ref7 33. Rd2 d4 34. Nd5 dxc3 35. Nxf6+ Rxf6 36. Rc2 Nd4 37. Rxc3 Nf3+ 38. Kf1 Nxe1 39. Kxe1 Rf7 40. Ke2 Re7 41. Ke3 Kf7 42. Ke4 Kf6 43. Rc5 c6 44. a4 Re6 45. a5 Re7 46. d4 exd4+ 47. Kxd4 Rd7+ 48. Kc4 Rd2 49. Rf5+ Ke7 50. Kc5 Ke6 51. f3 Rb2 52. f4 gxf4 53. gxf4 Rg2 54. Rh5 Rxg4 55. Rxh6+ Kd7 56. Rh7+ Kc8 57. Rf7 Rg6 58. Kb6 c5+ 59. Kxc5 Rc6+ 60. Kd5 Rc1 61. Re7 Rf1 62. Re4 Kd7 63. Ke5 Rg1 64. Kf6 Rg4 65. Rd4+ Ke8 66. Re4+ Kd7 67. Ke5 Rg1 68. f5 Ke7 69. Kd5+ Kf6 70. Kc5 Rg7 71. Rf4 Rd7 72. Kb6 Ke5 73. Rc4 Kxf5 74. Rc7 Rd5 75. Rc5 1-0

[Event "GER-chT U16"]
[Site "Kiel"]
[Date "2022.07.24"]
[Round "3.5"]
[White "Hecht, Jonas Christian"]
[Black "Herter, Arne"]
[Result "0-1"]
[WhiteElo "1889"]
[BlackElo "1951"]
[PlyCount "82"]
[EventDate "2022.07.22"]
[EventType "team-swiss"]
[EventRounds "7"]
[EventCountry "GER"]
[SourceTitle "CBM 209 Extra"]
[Source "ChessBase"]
[SourceDate "2022.09.30"]
[SourceVersion "1"]
[SourceVersionDate "2022.09.30"]
[SourceQuality "1"]
[WhiteTeam "Brombach"]
[BlackTeam "Magdeburg Schachzwerge"]
[WhiteTeamCountry "GER"]
[BlackTeamCountry "GER"]

1. e4 e5 2. Nf3 Nc6 3. d4 exd4 4. Nxd4 Bc5 5. Nxc6 Qf6 6. Qf3 bxc6 7. Nc3 d6 8. Bc4 Qxf3 9. gxf3 Ne7 10. Be3 Bb6 11. 0-0-0 0-0 12. h4 Be6 13. Bb3 Bxb3 14. axb3 f5 15. e5 dxe5 16. Rhe1 Rf7 17. h5 c5 18. Na4 Nc6 19. Bxc5 Bxc5 20. Nxc5 Re7 21. Rd5 Rae8 22. c3 Kf7 23. f4 g6 24. hxg6+ hxg6 25. fxe5 Rxe5 26. Rexe5 Rxe5 27. Rxe5 Nxe5 28. Kd2 g5 29. Ke2 Kf6 30. b4 f4 31. b5 Kf5 32. Na6 c6 33. bxc6 Nxc6 34. b4 Ne5 35. b5 Ke4 36. f3+ Nxf3 37. Nb4 Ne5 38. Nc6 f3+ 39. Kf1 Ng4 40. Nd4 Ne3+ 41. Kg1 g4 0-1

[Event "GER-chT U16"]
[Site "Kiel"]
[Date "2022.07.24"]
[Round "4.4"]
[White "Herter, Arne"]
[Black "Danninger, Jannik"]
[Result "1-0"]
[WhiteElo "1951"]
[BlackElo "1840"]
[PlyCount "51"]
[EventDate "2022.07.22"]
[EventType "team-swiss"]
[EventRounds "7"]
[EventCountry "GER"]
[SourceTitle "CBM 209 Extra"]
[Source "ChessBase"]
[SourceDate "2022.09.30"]
[SourceVersion "1"]
[SourceVersionDate "2022.09.30"]
[SourceQuality "1"]
[WhiteTeam "Magdeburg Schachzwerge"]
[BlackTeam "Tegernsee"]
[WhiteTeamCountry "GER"]
[BlackTeamCountry "GER"]

1. e4 c5 2. Nf3 d6 3. d4 cxd4 4. Nxd4 Nf6 5. Nc3 g6 6. Be3 Bg7 7. f3 0-0 8. Qd2 Nc6 9. g4 Bd7 10. h4 h5 11. gxh5 Nxh5 12. Rg1 Nxd4 13. Bxd4 b5 14. Bxg7 Kxg7 15. 0-0-0 Kh7 16. e5 b4 17. Ne4 Qb6 18. Bd3 Kg7 19. Qg5 b3 20. axb3 Qa5 21. Qxh5 Qa1+ 22. Kd2 Qxb2 23. Nf6 Rh8 24. Rxg6+ fxg6 25. Qxg6+ Kf8 26. Nxd7# 1-0

[Event "GER-chT U16"]
[Site "Kiel"]
[Date "2022.07.23"]
[Round "2.8"]
[White "Herter, Arne"]
[Black "Zhou, Lepu Coco"]
[Result "1-0"]
[WhiteElo "1951"]
[BlackElo "1986"]
[PlyCount "99"]
[EventDate "2022.07.22"]
[EventType "team-swiss"]
[EventRounds "7"]
[EventCountry "GER"]
[SourceTitle "CBM 209 Extra"]
[Source "ChessBase"]
[SourceDate "2022.09.30"]
[SourceVersion "1"]
[SourceVersionDate "2022.09.30"]
[SourceQuality "1"]
[WhiteTeam "Magdeburg Schachzwerge"]
[BlackTeam "Weisse Dame"]
[WhiteTeamCountry "GER"]
[BlackTeamCountry "GER"]

1. e4 c5 2. Nf3 e6 3. d4 cxd4 4. Nxd4 Nf6 5. Nc3 Nc6 6. Ndb5 Bb4 7. a3 Bxc3+ 8. Nxc3 d5 9. exd5 exd5 10. Bf4 0-0 11. Be2 Bf5 12. 0-0 a6 13. Bd3 Bxd3 14. Qxd3 d4 15. Ne2 Qd5 16. Rad1 Rad8 17. Bc7 Rd7 18. Bg3 Ne4 19. Nf4 Qf5 20. Rfe1 Nxg3 21. hxg3 Qg5 22. Rd2 Ne5 23. Qe4 Re7 24. Red1 Nc4 25. Qd5 Qxd5 26. Nxd5 Re1+ 27. Rxe1 Nxd2 28. Rd1 Nc4 29. Rxd4 b5 30. a4 Nxb2 31. axb5 axb5 32. Rb4 Nc4 33. Rxb5 h6 34. Rc5 Nd6 35. Ne7+ Kh7 36. Rc6 Ne4 37. Rc8 Rxc8 38. Nxc8 Kg6 39. g4 Kg5 40. f3 Nc5 41. Kf2 f5 42. gxf5 Kxf5 43. Ke3 h5 44. Nd6+ Ke5 45. Ne4 Ne6 46. Nf2 Nf4 47. Nd3+ Nxd3 48. cxd3 g5 49. d4+ Kd5 50. Kd3 1-0

[Event "GER-ch Youth-A"]
[Site "Willingen"]
[Date "2022.06.08"]
[Round "5"]
[White "Wensing, Maximilian"]
[Black "Herter, Arne"]
[Result "1-0"]
[WhiteElo "2063"]
[BlackElo "1943"]
[PlyCount "67"]
[EventDate "2022.06.04"]
[EventType "swiss"]
[EventRounds "9"]
[EventCountry "GER"]
[SourceTitle "CBM 208 Extra"]
[Source "ChessBase"]
[SourceDate "2022.07.31"]
[SourceVersion "1"]
[SourceVersionDate "2022.07.31"]
[SourceQuality "1"]

1. c4 Nf6 2. g3 g6 3. Bg2 Bg7 4. Nc3 0-0 5. e4 d6 6. Nge2 c5 7. 0-0 Nc6 8. d3 Ne8 9. f4 Nc7 10. f5 Rb8 11. Bg5 b5 12. Qd2 bxc4 13. dxc4 Ne8 14. b3 Nf6 15. h3 Nd7 16. Rad1 Re8 17. g4 Qa5 18. Kh1 Bb7 19. Be3 Ba8 20. g5 Nce5 21. Qc2 Qb6 22. Rd2 Qc6 23. Nf4 h6 24. fxg6 fxg6 25. Ne6 h5 26. Nd5 Rbc8 27. Rdf2 Qb7 28. Bd2 Qb8 29. Bc3 Bxd5 30. exd5 a6 31. Be4 Kh7 32. Bxg6+ Nxg6 33. Rf7 Rg8 34. Qe2 1-0

[Event "GER-ch Youth-A"]
[Site "Willingen"]
[Date "2022.06.07"]
[Round "4"]
[White "Herter, Arne"]
[Black "Terhuven, Patrick"]
[Result "1-0"]
[WhiteElo "1943"]
[BlackElo "2175"]
[PlyCount "151"]
[EventDate "2022.06.04"]
[EventType "swiss"]
[EventRounds "9"]
[EventCountry "GER"]
[SourceTitle "CBM 208 Extra"]
[Source "ChessBase"]
[SourceDate "2022.07.31"]
[SourceVersion "1"]
[SourceVersionDate "2022.07.31"]
[SourceQuality "1"]

1. e4 c5 2. Nf3 Nc6 3. d4 cxd4 4. Nxd4 g6 5. Nc3 Bg7 6. Be3 Nf6 7. Bc4 0-0 8. Bb3 Re8 9. f3 d5 10. exd5 Nb4 11. Nde2 e6 12. dxe6 Bxe6 13. Bc5 Qa5 14. Bxb4 Qxb4 15. 0-0 Rad8 16. Qe1 Bc4 17. Rd1 b5 18. Rxd8 Rxd8 19. a3 Qe7 20. Bxc4 bxc4 21. Ng3 Qb7 22. Nd1 Nd5 23. c3 Qb3 24. Ne4 Nf4 25. Nef2 Qc2 26. Qe4 Qxe4 27. Nxe4 f5 28. Nef2 Re8 29. g3 Nd5 30. Nh3 Bf8 31. f4 Re2 32. Kh1 Bc5 33. Ng1 Rc2 34. Nf3 Nf6 35. a4 Re2 36. Re1 Rc2 37. a5 Ne4 38. Ng5 Nxg5 39. fxg5 Kf7 40. Re5 Be7 41. Ne3 Rxb2 42. Nxc4 Rc2 43. Re3 Bxg5 44. Nd6+ Kg7 45. Rd3 Bd2 46. a6 Bxc3 47. Nb5 Be5 48. Rd7+ Kf6 49. Rxa7 Ra2 50. Ra8 Kg5 51. a7 Kg4 52. Re8 Kh3 53. Kg1 Bd4+ 54. Nxd4 Rxa7 55. Nf3 Kg4 56. Kf2 h5 57. Ne5+ Kh3 58. Nxg6 Kxh2 59. Re3 Ra2+ 60. Kf3 Ra1 61. Re2+ Kh1 62. Nh4 Rf1+ 63. Rf2 Ra1 64. Nxf5 Ra4 65. Nh4 Rg4 66. Re2 Kg1 67. Re1+ Kh2 68. Kf2 Rg8 69. Nf3+ Kh3 70. Rh1+ Kg4 71. Rh4+ Kf5 72. Rxh5+ Kg4 73. Ra5 Kh3 74. Ra4 Rh8 75. Ng1+ Kh2 76. Rh4+ 1-0

[Event "GER-ch Youth-A"]
[Site "Willingen"]
[Date "2022.06.05"]
[Round "2"]
[White "Herter, Arne"]
[Black "Seitz, Manuel"]
[Result "1-0"]
[WhiteElo "1943"]
[BlackElo "1794"]
[PlyCount "85"]
[EventDate "2022.06.04"]
[EventType "swiss"]
[EventRounds "9"]
[EventCountry "GER"]
[SourceTitle "CBM 208 Extra"]
[Source "ChessBase"]
[SourceDate "2022.07.31"]
[SourceVersion "1"]
[SourceVersionDate "2022.07.31"]
[SourceQuality "1"]

1. e4 e5 2. Nf3 Nc6 3. Bb5 a6 4. Ba4 Nf6 5. 0-0 Be7 6. Re1 b5 7. Bb3 0-0 8. d3 d6 9. c3 Na5 10. Bc2 c5 11. Nbd2 Re8 12. Nf1 Bf8 13. Bg5 h6 14. Bxf6 Qxf6 15. Ne3 Be6 16. d4 Nc4 17. Nxc4 Bxc4 18. d5 b4 19. Ba4 Reb8 20. Bc6 Ra7 21. cxb4 cxb4 22. Rc1 Bb5 23. a4 bxa3 24. bxa3 Qd8 25. a4 Bxc6 26. dxc6 Qa5 27. Rc4 Rc7 28. Qd5 Qb6 29. Nd2 Be7 30. g3 Qa7 31. Nf1 Rb2 32. Ne3 g6 33. h4 h5 34. Rf1 Qb6 35. Qd1 Qa7 36. Qc1 Rb3 37. Qc2 Ra3 38. Kg2 Kf8 39. Nd5 Rc8 40. Rc1 Bd8 41. c7 Be7 42. Qb2 Rd3 43. Nb6 1-0

[Event "GER-ch Youth-A"]
[Site "Willingen"]
[Date "2022.06.05"]
[Round "1"]
[White "Schimnatkowski, Lukas"]
[Black "Herter, Arne"]
[Result "1-0"]
[WhiteElo "2206"]
[BlackElo "1943"]
[PlyCount "57"]
[EventDate "2022.06.04"]
[EventType "swiss"]
[EventRounds "9"]
[EventCountry "GER"]
[SourceTitle "CBM 208 Extra"]
[Source "ChessBase"]
[SourceDate "2022.07.31"]
[SourceVersion "1"]
[SourceVersionDate "2022.07.31"]
[SourceQuality "1"]

1. e4 e5 2. Nf3 Nc6 3. Bc4 Bc5 4. 0-0 Nf6 5. d4 Bxd4 6. Nxd4 Nxd4 7. f4 d6 8. fxe5 dxe5 9. Bg5 Qe7 10. Nd2 Bd7 11. Nb3 0-0-0 12. Nxd4 exd4 13. Qf3 Qc5 14. Bxf6 gxf6 15. Bd3 f5 16. Qh5 f6 17. exf5 Bc6 18. Rae1 Rhg8 19. Re2 Rde8 20. Rff2 Qd5 21. Rxe8+ Rxe8 22. Re2 Rxe2 23. Qxe2 Qxa2 24. b3 Bd7 25. Qe7 c6 26. Qxf6 Qa5 27. Qh8+ Kc7 28. Qxd4 Bxf5 29. Qf4+ 1-0

[Event "Sachsen-Anhalt-ch op"]
[Site "Magdeburg"]
[Date "2021.10.31"]
[Round "7"]
[White "Hoffmann, Simon"]
[Black "Herter, Arne"]
[Result "1/2-1/2"]
[WhiteElo "1821"]
[BlackElo "1767"]
[PlyCount "141"]
[EventDate "2021.10.28"]
[EventType "swiss"]
[EventRounds "7"]
[EventCountry "GER"]
[SourceTitle "CBM 205 Extra"]
[Source "ChessBase"]
[SourceDate "2022.01.31"]
[SourceVersion "1"]
[SourceVersionDate "2022.01.31"]
[SourceQuality "1"]

1. e4 e5 2. Nc3 Nc6 3. d3 Bc5 4. g3 Nf6 5. Bg2 d6 6. h3 Be6 7. Na4 Bb6 8. Nxb6 axb6 9. a3 d5 10. Bg5 dxe4 11. dxe4 h6 12. Be3 0-0 13. Ne2 Qe7 14. 0-0 Rfd8 15. Qc1 Na5 16. Bd2 Qd7 17. Bxa5 bxa5 18. Rd1 Qc6 19. Nc3 Rd7 20. Rxd7 Qxd7 21. Qf1 Qd2 22. Qb5 Qxc2 23. Qxb7 Rd8 24. Qxc7 Rd2 25. Rf1 Qxb2 26. Nd5 Bxd5 27. exd5 Qxa3 28. Qxe5 Qd3 29. d6 a4 30. Bc6 a3 31. d7 Nxd7 32. Qe8+ Nf8 33. Bb5 Qb3 34. Qe3 Qxe3 35. fxe3 Nd7 36. Ra1 Rb2 37. Bxd7 a2 38. Bf5 g6 39. Be4 Rb4 40. Bxg6 fxg6 41. Rxa2 Kf7 42. Kf2 Kf6 43. Kf3 Rb6 44. g4 g5 45. Ra5 Rb4 46. h4 Rc4 47. Ra6+ Kg7 48. Ra7+ Kf6 49. h5 Rc6 50. Rh7 Ke5 51. Rg7 Rf6+ 52. Ke2 Re6 53. Rf7 Ke4 54. Ra7 Rf6 55. Ra4+ Ke5 56. Kd3 Rd6+ 57. Rd4 Ra6 58. Re4+ Kd5 59. Re8 Ra3+ 60. Ke2 Ra6 61. e4+ Kd4 62. e5 Kd5 63. Kd3 Ra3+ 64. Kd2 Ra6 65. Kc3 Rc6+ 66. Kd3 Ra6 67. e6 Rxe6 68. Rxe6 Kxe6 69. Ke4 Kf6 70. Kd5 Kf7 71. Ke5 1/2-1/2